Affordability matters (Record no. 107175)
[ view plain ]
| 000 -LEADER | |
|---|---|
| fixed length control field | 01586cad a22002415a 4500 |
| 001 - CONTROL NUMBER | |
| control field | L138457 |
| 008 - FIXED-LENGTH DATA ELEMENTS--GENERAL INFORMATION | |
| fixed length control field | 070608e20070607xxkd f f000 0 eng d |
| 035 ## - SYSTEM CONTROL NUMBER | |
| System control number | (Sirsi) u138457 |
| 041 0# - LANGUAGE CODE | |
| Language code of text/sound track or separate title | eng |
| 050 04 - LIBRARY OF CONGRESS CALL NUMBER | |
| Classification number | 333.33 $2 18 |
| 110 1# - MAIN ENTRY--CORPORATE NAME | |
| Corporate name or jurisdiction name as entry element | United Kingdom |
| Subordinate unit | National Housing and Planning Advice Unit |
| 9 (RLIN) | 5218 |
| 245 00 - TITLE STATEMENT | |
| Title | Affordability matters |
| Medium | [electronic resource] |
| 260 ## - PUBLICATION, DISTRIBUTION, ETC. | |
| Place of publication, distribution, etc. | London |
| Name of publisher, distributor, etc. | DCLG |
| Date of publication, distribution, etc. | 2007 |
| 520 ## - SUMMARY, ETC. | |
| Summary, etc. | Introduces the National Housing and Planning Advise Unit (NHPAU). Describes the problems of housing unaffordability in the UK. Its effects are worst in the South East, and upon first-time buyers. Affects on the property market include rising deposits, mortgage payments taking increased amounts of buyers? incomes, and increases in average earnings to loan multiples. Describes negative social and economic consequences of these factors. Market indications are against a price crash, and point to demand continuing to increase. The NHPAU will initially focus upon contributing advice on market affordability, developing an affordability toolkit, and the development of a new programme of research. |
| 590 ## - LOCAL NOTE (RLIN) | |
| Local note | KA NTK |
| 650 24 - SUBJECT ADDED ENTRY--TOPICAL TERM | |
| Topical term or geographic name entry element | Affordable housing |
| 9 (RLIN) | 6215 |
| 650 24 - SUBJECT ADDED ENTRY--TOPICAL TERM | |
| Topical term or geographic name entry element | PLANNING POLICY STATEMENT 3 |
| 650 24 - SUBJECT ADDED ENTRY--TOPICAL TERM | |
| Topical term or geographic name entry element | PLANNING POLICY STATEMENT 11 |
| 651 #4 - SUBJECT ADDED ENTRY--GEOGRAPHIC NAME | |
| Geographic name | United Kingdom |
| Chronological subdivision | |
| 690 ## - LOCAL SUBJECT ADDED ENTRY--TOPICAL TERM (OCLC, RLIN) | |
| Topical term or geographic name as entry element | PROPERTY-RESIDENTIAL PROPERTY-RESIDENTIAL PROPERTY MARKET |
| 856 40 - ELECTRONIC LOCATION AND ACCESS | |
| Uniform Resource Identifier | <a href="https://webarchive.nationalarchives.gov.uk/20070701082215/communities.gov.uk/pub/101/AffordabilityMatters_id1511101.pdf">https://webarchive.nationalarchives.gov.uk/20070701082215/communities.gov.uk/pub/101/AffordabilityMatters_id1511101.pdf</a> |
| Public note | View the article free of charge at webarchive.nationalarchives.gov.uk |
| 942 ## - ADDED ENTRY ELEMENTS (KOHA) | |
| Suppress in OPAC | 0 |
| Withdrawn status | Lost status | Source of classification or shelving scheme | Damaged status | Not for loan | Home library | Current library | Shelving location | Date acquired | Total Checkouts | Full call number | Barcode | Date last seen | Copy number | Price effective from | Koha item type |
|---|---|---|---|---|---|---|---|---|---|---|---|---|---|---|---|
| Dewey Decimal Classification | Virtual | Virtual | Online | 08/06/2007 | ONLINE PUBLICATION | 138457-1001 | 06/08/2019 | 1 | 06/08/2019 | Book |